Statistics for Countries With the Most Finns

Click here to take the quiz!

General Stats

  • This quiz has been taken 18 times
  • The average score is 27 of 33

Answer Stats

PopulationCountry% Correct
1,000Austria
100%
3,100Brazil
100%
143,645Canada
100%
5,100,000Finland
100%
8,260Estonia
94%
7,000France
94%
33,000Germany
94%
1,600Greece
94%
4,000Italy
94%
60,000Norway
94%
1,000Poland
94%
127,600Russia
94%
40,000Spain
94%
712,000Sweden
94%
3,800Switzerland
94%
30,000United Kingdom
94%
653,222United States of America
94%
200Argentina
88%
1,152Portugal
88%
7,939Australia
81%
3,000Belgium
81%
1,500China
81%
800Japan
81%
5,000Netherlands
81%
3,000Denmark
69%
573New Zealand
69%
2,000Thailand
69%
1,200Ireland
63%
700Israel
63%
1,500United Arab Emirates
63%
700Singapore
38%
500Cyprus
31%
100Uruguay
25%

Score Distribution

Percentile by Number Answered

Percent of People with Each Score

Your Score History

You have not taken this quiz